[Event "PRO League Group Stage"]
[Site "chess.com INT"]
[Date "2018.01.31"]
[Round "3"]
[White "Shimanov, Aleksandr"]
[Black "Mareco, Sandro"]
[Result "1/2-1/2"]
[WhiteTitle "GM"]
[BlackTitle "GM"]
[WhiteElo "2641"]
[BlackElo "2632"]
[WhiteTeam "Webster Windmills"]
[BlackTeam "Buenos Aires Krakens"]
[WhiteFideId "4198603"]
[BlackFideId "112275"]
[EventDate "2018.01.18"]

1. d4 Nf6 2. Nf3 e6 3. Bf4 b6 4. e3 Bb7 5. Nbd2 Be7 6. h3 O-O 7. Bd3 c5 8. c3
cxd4 9. cxd4 Nd5 10. Bh2 Nb4 11. Be2 d5 12. O-O a6 13. a3 N4c6 14. Rc1 Bd6 15.
Ne5 Bxe5 16. Bxe5 Nxe5 17. dxe5 Nd7 18. Nf3 Rc8 19. Qd4 Rc7 20. Bd3 h6 21. Bb1
Qb8 22. h4 Rfc8 23. Rxc7 Qxc7 24. Rd1 Qc4 25. h5 a5 26. Qxc4 Rxc4 27. Bd3 Rc5
28. Kf1 Bc6 1/2-1/2

[Event "PRO League Group Stage"]
[Site "chess.com INT"]
[Date "2018.01.31"]
[Round "3"]
[White "Ansell, Simon T"]
[Black "Villegas, Pierre"]
[Result "1-0"]
[WhiteTitle "IM"]
[BlackTitle "FM"]
[WhiteElo "2340"]
[BlackElo "2320"]
[WhiteTeam "London Towers"]
[BlackTeam "Cannes Blockbusters"]
[WhiteFideId "402141"]
[BlackFideId "654183"]
[EventDate "2018.01.18"]

1. d4 Nf6 2. Bf4 d5 3. e3 c5 4. c3 Nc6 5. Nd2 e6 6. Ngf3 Bd6 7. Bg3 O-O 8. Bd3
b6 9. e4 Be7 10. e5 Nh5 11. dxc5 bxc5 12. Qa4 Bd7 13. Qg4 g6 14. Bb5 Nxe5 15.
Nxe5 Bxb5 16. c4 Be8 17. Rd1 f5 18. Qh3 Bd6 19. f4 Bxe5 20. fxe5 Bc6 21. O-O
Nxg3 22. Qxg3 d4 23. h4 Kh8 24. b4 cxb4 25. Nb3 Qe7 26. Rxd4 g5 27. Qxg5 Rg8 28.
Qxe7 Rxg2+ 29. Kh1 Rg7+ 30. Kh2 Rxe7 31. Rd6 Be8 32. Nd4 Rc8 33. Nxe6 Rxc4 34.
Rxf5 h6 35. Nf4 Re4 36. Rxh6+ Kg7 37. Re6 Rxe6 38. Nxe6+ Kh6 39. Rf6+ Kh5 40.
Kg3 Rg4+ 41. Kf2 Bd7 42. Nf4+ Kxh4 43. e6 Bxe6 44. Nxe6 Rc4 45. Ke3 b3 46. axb3
Rc3+ 47. Kf4 Kh3 48. Nd4 Rd3 49. Ke5 Kg3 50. Kd5 1-0

[Event "PRO League Group Stage"]
[Site "chess.com INT"]
[Date "2018.01.31"]
[Round "3"]
[White "Ansell, Simon T"]
[Black "Cornette, Matthieu"]
[Result "0-1"]
[WhiteTitle "IM"]
[BlackTitle "GM"]
[WhiteElo "2340"]
[BlackElo "2611"]
[WhiteTeam "London Towers"]
[BlackTeam "Cannes Blockbusters"]
[WhiteFideId "402141"]
[BlackFideId "620084"]
[EventDate "2018.01.18"]

1. d4 Nf6 2. Bf4 d5 3. e3 c5 4. c3 Nc6 5. Nd2 Bf5 6. Ngf3 cxd4 7. exd4 e6 8. Qb3
Bd6 9. Qxb7 Bxf4 10. Qxc6+ Kf8 11. Be2 g6 12. O-O Kg7 13. Nb3 a5 14. Qa4 Qb6 15.
Ne5 h5 16. Rfe1 Ng4 17. Nxg4 hxg4 18. g3 Qd8 19. Bf1 Bd6 20. Bg2 Qg5 21. Re3 Qh6
22. Qc6 Qxh2+ 23. Kf1 Be7 24. Nc5 Bg5 25. Rae1 Rab8 26. b3 Rhc8 27. Qd6 Rd8 28.
Qe5+ Bf6 29. Qc7 Rbc8 30. Qa7 Rd6 31. Nd7 Bg5 32. Ne5 Rf8 33. Nd7 Re8 34. Ne5
Re7 35. Qb8 Ra6 36. a4 f6 37. Qc8 Raa7 38. Nc6 Rac7 39. Qa8 Bxe3 40. Rxe3 Rf7
41. Qa6 Be4 42. Rxe4 dxe4 43. Bxe4 f5 44. Bg2 f4 45. gxf4 Qxf4 46. Qe2 g3 47. c4
Qc1+ 0-1

[Event "PRO League Group Stage"]
[Site "chess.com INT"]
[Date "2018.01.31"]
[Round "3"]
[White "Horton, Andrew P"]
[Black "Bacrot, Etienne"]
[Result "1/2-1/2"]
[WhiteTitle "FM"]
[BlackTitle "GM"]
[WhiteElo "2397"]
[BlackElo "2722"]
[WhiteTeam "London Lions"]
[BlackTeam "Marseille Migraines"]
[WhiteFideId "424269"]
[BlackFideId "605506"]
[EventDate "2018.01.18"]

1. Nf3 c5 2. c4 Nc6 3. g3 g6 4. Bg2 Bg7 5. Nc3 Nf6 6. O-O O-O 7. d4 cxd4 8. Nxd4
Qa5 9. Nb3 Qh5 10. c5 a5 11. e4 Qxd1 12. Rxd1 a4 13. Nd2 Ng4 14. h3 Nge5 15. Bf1
f5 16. f4 Nf7 17. e5 d6 18. cxd6 exd6 19. exd6 Nxd6 20. Nc4 Nxc4 21. Bxc4+ Kh8
22. a3 Na5 23. Bb5 Nb3 24. Rb1 Ra5 25. Bc4 Rc5 26. Bf1 Bd4+ 27. Rxd4 Nxd4 28.
Be3 Ne6 29. Bxc5 Nxc5 30. Rd1 Bd7 31. Rd5 Rc8 32. Bg2 Be6 33. Rd4 Bb3 34. Rd6
Rc7 35. h4 Kg7 36. h5 gxh5 37. Nb5 Re7 38. Nd4 Re1+ 39. Kh2 Rb1 40. Nxf5+ Kf7
41. Rd2 Kf6 42. Nd6 b6 43. Ne4+ Kf5 44. Nd6+ Ke6 45. Nc8 Rd1 46. Bd5+ Kf5 47.
Rxd1 Bxd1 48. Nxb6 h4 49. Nc4 hxg3+ 50. Kxg3 Kf6 51. Ne3 Be2 52. Bc4 Bxc4 53.
Nxc4 Nd3 54. Kf3 h5 55. Ke3 Nc5 56. Nb6 h4 57. Kf3 Kf5 58. Nd5 Nd3 59. Ne3+ Kg6
60. Kg4 Nxb2 61. Kxh4 Nd3 62. Nd1 Nxf4 63. Nc3 Kf5 64. Nxa4 Ke6 65. Kg4 Nd3 66.
Nc3 Kd6 67. Kf3 Kc5 68. Ke3 Ne5 69. Ke4 Nc4 70. a4 Kb4 71. Kd4 Nb6 72. Nd5+ Kxa4
73. Nxb6+ 1/2-1/2

[Event "PRO League Group Stage"]
[Site "chess.com INT"]
[Date "2018.01.31"]
[Round "3"]
[White "Horton, Andrew P"]
[Black "Maurizzi, Marc Andria"]
[Result "1-0"]
[WhiteTitle "FM"]
[BlackTitle "CM"]
[WhiteElo "2397"]
[BlackElo "2018"]
[WhiteTeam "London Lions"]
[BlackTeam "Marseille Migraines"]
[WhiteFideId "424269"]
[BlackFideId "36083534"]
[EventDate "2018.01.18"]

1. b3 e5 2. Bb2 Nc6 3. e3 Nf6 4. Bb5 Bd6 5. Ne2 O-O 6. Ng3 a6 7. Bxc6 dxc6 8.
O-O Qe7 9. e4 Bc5 10. h3 Rd8 11. d3 Be6 12. Nd2 Nd7 13. Nf3 f6 14. Nh4 Nf8 15.
Kh1 Ng6 16. Nhf5 Qd7 17. Qf3 Ne7 18. Nxg7 Bxh3 19. N7h5 Qe6 20. gxh3 Kh8 21.
Qxf6+ 1-0

[Event "PRO League Group Stage"]
[Site "chess.com INT"]
[Date "2018.01.31"]
[Round "3"]
[White "Roberson, Peter T"]
[Black "Villegas, Pierre"]
[Result "1/2-1/2"]
[WhiteTitle "IM"]
[BlackTitle "FM"]
[WhiteElo "2412"]
[BlackElo "2320"]
[WhiteTeam "London Towers"]
[BlackTeam "Cannes Blockbusters"]
[WhiteFideId "412384"]
[BlackFideId "654183"]
[EventDate "2018.01.18"]

1. d4 Nf6 2. Nc3 d5 3. Bf4 c5 4. e3 cxd4 5. exd4 a6 6. Nf3 Nc6 7. Ne5 g6 8. Nxc6
bxc6 9. Bd3 Bg7 10. O-O O-O 11. Re1 Bf5 12. Bxf5 gxf5 13. Na4 e6 14. Qd3 Nd7 15.
Re3 Qf6 16. Rg3 Kh8 17. c3 Rg8 18. Re1 Bh6 19. Bd6 Rxg3 20. hxg3 Kg8 21. f3 Bf8
22. Bf4 c5 23. dxc5 Nxc5 24. Nxc5 Bxc5+ 25. Kf1 Bf8 26. Be5 Qg6 27. c4 dxc4 28.
Qxc4 Bg7 29. Qc6 Rd8 30. Qc7 Re8 31. Rd1 Bxe5 32. Qxe5 Qg7 33. Qxg7+ Kxg7 34.
Ke2 Rc8 35. Rd6 Rc2+ 36. Rd2 Rc6 37. b4 Kf6 38. a4 Ke7 39. b5 axb5 40. axb5 Rb6
41. Rb2 Kd6 42. Ke3 e5 43. g4 fxg4 44. fxg4 Kd5 45. g5 h6 46. gxh6 Rxh6 47. b6
Rh8 48. b7 Rb8 49. g4 Kc6 50. Ke4 f6 51. Rf2 Kxb7 52. Rxf6 Rg8 53. Kf5 Re8 54.
Rd6 e4 55. Rd2 e3 56. Re2 Kc6 57. Kf4 Kd5 58. Rxe3 Rxe3 59. Kxe3 Ke5 60. Kf3 Kf6
61. Kf4 Kg6 62. Kg3 Kg5 63. Kf3 Kg6 64. Kf4 Kf6 65. g5+ Kg6 66. Kg4 Kg7 67. Kf5
Kf7 68. g6+ Kg7 69. Kg5 Kg8 70. Kf6 Kf8 71. Kf5 Kg7 72. Kg5 Kg8 73. Kh5 Kg7 74.
Kg5 Kg8 75. Kh6 Kh8 76. g7+ Kg8 77. Kg6 1/2-1/2

[Event "PRO League Group Stage"]
[Site "chess.com INT"]
[Date "2018.01.31"]
[Round "3"]
[White "Roberson, Peter T"]
[Black "Cornette, Matthieu"]
[Result "0-1"]
[WhiteTitle "IM"]
[BlackTitle "GM"]
[WhiteElo "2412"]
[BlackElo "2611"]
[WhiteTeam "London Towers"]
[BlackTeam "Cannes Blockbusters"]
[WhiteFideId "412384"]
[BlackFideId "620084"]
[EventDate "2018.01.18"]

1. d4 Nf6 2. Nc3 d5 3. Bf4 e6 4. Nb5 Bb4+ 5. c3 Ba5 6. e3 a6 7. Na3 O-O 8. Bd3
Nbd7 9. Nf3 c5 10. O-O Bc7 11. Bg3 b6 12. c4 Bb7 13. cxd5 exd5 14. b3 Bxg3 15.
hxg3 Qe7 16. Nc2 Ne4 17. dxc5 bxc5 18. Bxe4 dxe4 19. Nd2 Ne5 20. Nc4 Rad8 21.
Qh5 Nxc4 22. bxc4 Rd2 23. Rac1 g6 24. Qh4 Qxh4 25. gxh4 Rfd8 26. Na1 Rxa2 27.
Nb3 Rc8 28. Rfd1 Rb2 29. Rb1 Rxb1 30. Rxb1 Kg7 31. Na5 Bc6 32. Rb6 Bd7 33. Rxa6
Be6 34. Kh2 Kh6 35. Kg3 Kh5 36. Ra7 g5 37. hxg5 Kxg5 38. Nb7 Rc7 39. Ra5 Rxb7
40. Rxc5+ f5 41. f3 Rb4 42. Rc7 h5 43. Rg7+ Kf6 44. Rh7 exf3 45. gxf3 Kg6 46.
Re7 Bxc4 47. e4 Kf6 48. Rh7 Bf7 49. exf5 Rb5 50. Rh6+ Kg5 51. Rh7 Rxf5 52. f4+
Rxf4 53. Rg7+ Kh6 54. Kxf4 Kxg7 55. Kg5 Bg6 0-1

[Event "PRO League Group Stage"]
[Site "chess.com INT"]
[Date "2018.01.31"]
[Round "3"]
[White "Shabalov, Alexander"]
[Black "Bartholomew, John"]
[Result "1-0"]
[WhiteTitle "GM"]
[BlackTitle "IM"]
[WhiteElo "2544"]
[BlackElo "2459"]
[WhiteTeam "Pittsburgh Pawngrabbers"]
[BlackTeam "Minnesota Blizzard"]
[WhiteFideId "2008572"]
[BlackFideId "2019353"]
[EventDate "2018.01.18"]

1. e4 d5 2. exd5 Qxd5 3. Nc3 Qd8 4. g3 Nf6 5. Bg2 c6 6. Nf3 Bf5 7. O-O e6 8. d3
h6 9. Rb1 Be7 10. b4 Nd5 11. Bd2 a6 12. Ne4 Nd7 13. Nh4 Bxe4 14. dxe4 N5b6 15.
Nf3 Nc4 16. Bf4 e5 17. Qe2 b5 18. Bc1 O-O 19. h4 a5 20. a3 Ndb6 21. Nh2 axb4 22.
axb4 Ra2 23. Rd1 Qc8 24. Rb3 Rd8 25. Rf1 Rd4 26. f4 exf4 27. gxf4 Qf8 28. e5
Bxb4 29. Kh1 Nd2 30. c3 Nxb3 31. Qxa2 Nxc1 32. Rxc1 Rc4 33. Qd2 Ba5 34. Ng4 Na4
35. Ne3 Rxc3 36. Rxc3 Bxc3 37. Qd7 Qc5 38. Qc8+ Qf8 39. Qxc6 Bd4 40. Nf5 Bf2 41.
Bd5 Nc5 42. Nd6 Ne6 43. Nxf7 Nd4 44. Qg6 Qe7 45. Ng5+ Kf8 46. Nh7# 1-0

[Event "PRO League Group Stage"]
[Site "chess.com INT"]
[Date "2018.01.31"]
[Round "3"]
[White "Shabalov, Alexander"]
[Black "Gurevich, Daniel"]
[Result "1-0"]
[WhiteTitle "GM"]
[BlackTitle "IM"]
[WhiteElo "2544"]
[BlackElo "2483"]
[WhiteTeam "Pittsburgh Pawngrabbers"]
[BlackTeam "Minnesota Blizzard"]
[WhiteFideId "2008572"]
[BlackFideId "2044676"]
[EventDate "2018.01.18"]

1. e4 c6 2. d4 d5 3. e5 Bf5 4. Nd2 e6 5. Nb3 Nd7 6. Nf3 Be4 7. Be2 Ne7 8. O-O c5
9. Ng5 Bg6 10. c4 cxd4 11. Nxd4 Nxe5 12. Qa4+ Qd7 13. Nb5 N7c6 14. cxd5 exd5 15.
Rd1 Rc8 16. Bf4 f6 17. Bxe5 fxe5 18. Bg4 Bf5 19. Rxd5 Qxd5 20. Bxf5 a6 21. Nc3
Qd8 22. Rd1 Qxg5 23. Bxc8 Bc5 24. Bd7+ Ke7 25. Bxc6 bxc6 26. Qxc6 Bxf2+ 27. Kxf2
Rf8+ 28. Kg1 Qe3+ 29. Kh1 1-0

[Event "PRO League Group Stage"]
[Site "chess.com INT"]
[Date "2018.01.31"]
[Round "3"]
[White "Kuybokarov, Temur"]
[Black "Pakleza, Zbigniew"]
[Result "1/2-1/2"]
[WhiteTitle "IM"]
[BlackTitle "GM"]
[WhiteElo "2472"]
[BlackElo "2496"]
[WhiteTeam "Australia Kangaroos"]
[BlackTeam "Las Vegas Desert Rats"]
[WhiteFideId "14203049"]
[BlackFideId "1119290"]
[EventDate "2018.01.18"]

1. d4 d5 2. c4 c6 3. Nc3 Nf6 4. e3 Qb6 5. Nf3 Bf5 6. Qb3 e6 7. Bd2 Nbd7 8. Be2
h6 9. O-O Be7 10. Na4 Qxb3 11. axb3 O-O 12. cxd5 exd5 13. b4 Ne4 14. Bc3 Rfb8
15. Nc5 Ndxc5 16. dxc5 b6 17. Ne5 Nxc3 18. bxc3 bxc5 19. Nxc6 Rb7 20. Ba6 Rc7
21. Nxe7+ Rxe7 22. bxc5 Rc7 23. Ra5 Rb8 24. Rd1 Be6 25. h3 Rb3 26. Rc1 Kf8 27.
c4 dxc4 28. Bxc4 Bxc4 29. Rxc4 Ke7 30. Rca4 Rc3 31. Rxa7 Rxc5 32. Rxc7+ Rxc7 33.
Ra5 Kf6 34. g4 g6 35. Kg2 Rc3 36. Kg3 Kg7 37. h4 Rb3 38. Rd5 Rb1 39. Kf4 Kf6 40.
f3 Rh1 41. h5 g5+ 42. Ke4 Ra1 43. Rd6+ Kg7 44. Ke5 Ra3 45. Ke4 Ra4+ 46. Rd4 Ra1
47. f4 gxf4 48. Kxf4 Rf1+ 49. Ke5 Re1 50. Re4 Ra1 51. Kf5 Rf1+ 52. Rf4 Rg1 53.
e4 Rg2 54. e5 Rg1 55. Rc4 Rf1+ 56. Rf4 Re1 57. Rf3 Re2 58. Rf4 Re1 59. Rc4 Rf1+
60. Ke4 Rg1 61. Kd5 Rd1+ 62. Rd4 Ra1 63. Kd6 Ra6+ 64. Kd7 Ra7+ 65. Ke8 Ra5 66.
Re4 Ra8+ 67. Kd7 Ra7+ 68. Kc6 Ra6+ 69. Kb7 Ra1 70. Kb6 Rc1 71. Kb5 Rb1+ 72. Rb4
Re1 73. Rf4 1/2-1/2

[Event "PRO League Group Stage"]
[Site "chess.com INT"]
[Date "2018.01.31"]
[Round "3"]
[White "Quesada Perez, Yuniesky"]
[Black "Chen, Forest"]
[Result "1-0"]
[WhiteTitle "GM"]
[WhiteElo "2627"]
[BlackElo "2107"]
[WhiteTeam "Miami Champions"]
[BlackTeam "Saint Louis Arch Bishops"]
[WhiteFideId "3504409"]
[BlackFideId "30908205"]
[EventDate "2018.01.18"]

1. e4 c6 2. d4 d5 3. e5 Bf5 4. Nf3 e6 5. Be2 Nd7 6. O-O c5 7. c4 Ne7 8. Nc3 dxc4
9. Bxc4 Nb6 10. Bb5+ Nc6 11. Be3 c4 12. d5 Nxd5 13. Qa4 Rc8 14. Nd4 a6 15. Bxc6+
bxc6 16. Nxf5 exf5 17. Rad1 Qd7 18. Qxa6 Bb4 19. Nxd5 cxd5 20. Rxd5 Qc6 21.
Qxc6+ Rxc6 22. Rb5 Be7 23. Rb8+ Bd8 24. Rd1 Ke7 25. g3 h6 26. Bd2 Ke6 27. Bc3
Ke7 28. Bb4+ Ke6 29. Rbxd8 Rxd8 30. Rxd8 Kxe5 31. Bc3+ Ke4 32. Bxg7 Kf3 33. Re8 1-0

[Event "PRO League Group Stage"]
[Site "chess.com INT"]
[Date "2018.01.31"]
[Round "3"]
[White "Quesada Perez, Yuniesky"]
[Black "Caruana, Fabiano"]
[Result "0-1"]
[WhiteTitle "GM"]
[BlackTitle "GM"]
[WhiteElo "2627"]
[BlackElo "2811"]
[WhiteTeam "Miami Champions"]
[BlackTeam "Saint Louis Arch Bishops"]
[WhiteFideId "3504409"]
[BlackFideId "2020009"]
[EventDate "2018.01.18"]

1. e4 e5 2. Nf3 Nc6 3. Bb5 a6 4. Ba4 Nf6 5. O-O Be7 6. Re1 b5 7. Bb3 d6 8. c3
O-O 9. h3 Na5 10. Bc2 c5 11. d4 Nd7 12. a4 b4 13. Nbd2 Rb8 14. Nf1 b3 15. Bd3
exd4 16. cxd4 c4 17. Be2 c3 18. Ng3 Nf6 19. Bd3 Nc6 20. d5 Ne5 21. Nd4 Qa5 22.
Bf1 Bd7 23. Ngf5 Rfe8 24. Re3 Bf8 25. Nxb3 Qb4 26. Nfd4 Bxa4 27. Rxc3 Nxe4 28.
Re3 Nc5 29. Bd2 Qb6 30. Ra3 g6 31. Qb1 Bd7 32. Re1 Nxb3 33. Nxb3 Bxh3 34. Rxe5
dxe5 35. Be3 Qd8 36. gxh3 Bxa3 37. bxa3 Qxd5 0-1

[Event "PRO League Group Stage"]
[Site "chess.com INT"]
[Date "2018.01.31"]
[Round "3"]
[White "Lopez, Jasel"]
[Black "Meier, Georg"]
[Result "1/2-1/2"]
[WhiteTitle "FM"]
[BlackTitle "GM"]
[WhiteElo "2316"]
[BlackElo "2647"]
[WhiteTeam "Amsterdam Mosquitoes"]
[BlackTeam "Stockholm Snowballs"]
[WhiteFideId "15900045"]
[BlackFideId "4675789"]
[EventDate "2018.01.18"]

1. d4 e6 2. Bf4 Nf6 3. e3 Be7 4. Nf3 Nh5 5. Bg3 b6 6. Bd3 Bb7 7. Nbd2 O-O 8. O-O
Nxg3 9. hxg3 g6 10. e4 d6 11. Qe2 a6 12. Rfe1 Nd7 13. Rad1 Kg7 14. Nf1 h5 15.
Ne3 Rh8 16. c4 c5 17. d5 e5 18. Rf1 Bf6 19. a3 Qe7 20. g4 Rh7 21. g3 Rah8 22.
Kg2 h4 23. Rh1 Bc8 24. Rh2 hxg3 25. Rxh7+ Rxh7 26. Kxg3 Bg5 27. Kg2 Bxe3 28.
Qxe3 Nf6 29. g5 Nh5 30. Rh1 Nf4+ 31. Kg1 Rxh1+ 32. Kxh1 Bg4 33. Nh2 Qxg5 34. Qg3
Nxd3 35. Qxd3 Qc1+ 36. Kg2 Bd1 37. b4 Bc2 38. Qe2 Qb1 39. f3 Bd3 40. Qe3 Qc2+
41. Kg3 Qe2 42. Qc1 f5 43. exf5 Bxf5 44. bxc5 bxc5 45. Qg5 Kf7 46. Ng4 Qxc4 47.
Qf6+ Ke8 48. Qh8+ Kd7 49. Qg7+ Kc8 50. Qf8+ Kc7 51. Qe7+ Kc8 52. Qe8+ Kb7 53.
Qc6+ Ka7 54. Qc7+ Ka8 55. Qc6+ Ka7 56. Qc7+ Ka8 57. Qc6+ Ka7 58. Qc7+ Ka8 59.
Qc6+ 1/2-1/2

[Event "PRO League Group Stage"]
[Site "chess.com INT"]
[Date "2018.01.31"]
[Round "3"]
[White "Lopez, Jasel"]
[Black "Agrest, Inna"]
[Result "1-0"]
[WhiteTitle "FM"]
[BlackTitle "WIM"]
[WhiteElo "2316"]
[BlackElo "2280"]
[WhiteTeam "Amsterdam Mosquitoes"]
[BlackTeam "Stockholm Snowballs"]
[WhiteFideId "15900045"]
[BlackFideId "1708830"]
[EventDate "2018.01.18"]

1. d4 Nf6 2. Bf4 g6 3. Nc3 Bg7 4. e4 d6 5. Qd2 O-O 6. O-O-O Nfd7 7. Bh6 e5 8.
Nf3 Nc6 9. d5 Ne7 10. h4 f6 11. Bxg7 Kxg7 12. h5 g5 13. g4 Ng8 14. Ng1 Nh6 15.
f3 a5 16. Nge2 Nc5 17. Ng3 Kh8 18. Kb1 Bd7 19. Bb5 c6 20. dxc6 bxc6 21. Bc4 Nb7
22. Rhe1 Rb8 23. Re3 Qb6 24. Na4 Qc7 25. Bb3 Rfd8 26. Rd3 Be8 27. Nf1 Ng8 28.
Ne3 Ne7 29. Kc1 Bd7 30. Rxd6 Nxd6 31. Qxd6 Qxd6 32. Rxd6 Ng8 33. Nc5 Be8 34.
Rxd8 Rxd8 35. Nf5 h6 36. a4 Bd7 37. Nd6 Kg7 38. Ndb7 Rb8 39. Nxa5 Be8 40. Bxg8
Kxg8 41. Nab7 Kg7 42. a5 Bd7 43. c3 Bc8 44. Nd6 Ra8 45. b4 Ba6 46. Ne6+ Kg8 47.
Kd2 Bf1 48. c4 c5 49. Nxc5 Rd8 50. Nb7 Rd7 51. c5 Bb5 52. Kc3 Bc6 53. a6 Bxb7
54. axb7 Rd8 55. Nc8 1-0

[Event "PRO League Group Stage"]
[Site "chess.com INT"]
[Date "2018.01.31"]
[Round "3"]
[White "Hilby, Craig"]
[Black "Feng, Roland"]
[Result "1/2-1/2"]
[WhiteTitle "IM"]
[BlackTitle "FM"]
[WhiteElo "2390"]
[BlackElo "2358"]
[WhiteTeam "San Diego Surfers"]
[BlackTeam "Seattle Sluggers"]
[WhiteFideId "2062674"]
[BlackFideId "2060086"]
[EventDate "2018.01.18"]

1. d4 Nf6 2. c4 e6 3. Nf3 Bb4+ 4. Nbd2 O-O 5. g3 d5 6. Bg2 dxc4 7. O-O Bd7 8.
Nxc4 Bc6 9. a3 Be7 10. b4 Nbd7 11. Bb2 Nb6 12. Nce5 Bd5 13. b5 a6 14. a4 axb5
15. axb5 Rxa1 16. Bxa1 Qd6 17. Nd3 Ra8 18. Bc3 Qa3 19. Qc1 Qb3 20. Qb2 Ra3 21.
Rc1 Nc4 22. Qxb3 Rxb3 23. Nde5 Ba3 24. Rc2 Be4 25. Ra2 Nxe5 26. dxe5 Rxc3 27.
exf6 Bd5 28. Ra1 gxf6 29. Nd2 Bxg2 30. Kxg2 f5 31. Nb1 Rc1 32. Rxa3 Rxb1 33. Rc3
Rxb5 34. Rxc7 Rb2 35. Kf3 Kg7 36. h4 Kf6 37. Rd7 Rb3+ 38. e3 Rb2 39. Rc7 e5 40.
Kg2 Kg6 41. Kf3 h6 42. Re7 Kf6 43. Rc7 Rb3 44. g4 fxg4+ 45. Kxg4 Kg6 46. Kg3 h5
47. Rd7 f6 48. Kf3 Kf5 49. Rh7 Kg6 50. Rd7 Rb4 51. Kg3 b5 52. Rb7 Kf5 53. Rh7
Rg4+ 54. Kh3 Kg6 55. Rb7 b4 56. f3 Rc4 57. e4 Rc3 58. Kg3 b3 59. Kg2 Rc2+ 60.
Kg3 b2 61. Kh3 Rf2 62. Kg3 Rc2 63. Kh3 Rc3 64. Kg3 Rc2 1/2-1/2

[Event "PRO League Group Stage"]
[Site "chess.com INT"]
[Date "2018.01.31"]
[Round "3"]
[White "Hilby, Craig"]
[Black "Margvelashvili, Giorgi"]
[Result "0-1"]
[WhiteTitle "IM"]
[BlackTitle "GM"]
[WhiteElo "2390"]
[BlackElo "2530"]
[WhiteTeam "San Diego Surfers"]
[BlackTeam "Seattle Sluggers"]
[WhiteFideId "2062674"]
[BlackFideId "13602926"]
[EventDate "2018.01.18"]

1. d4 Nf6 2. c4 e6 3. Nf3 Bb4+ 4. Nbd2 O-O 5. g3 b6 6. Bg2 Bb7 7. O-O d5 8. Ne5
Bd6 9. b3 Nbd7 10. Bb2 c6 11. e4 dxe4 12. Nxe4 Nxe4 13. Bxe4 Qc7 14. Nxd7 Qxd7
15. c5 Be7 16. Qh5 f5 17. Bg2 bxc5 18. dxc5 Bxc5 19. Rac1 Bb6 20. Rfd1 Qc7 21.
Qe2 Rae8 22. Be5 Qc8 23. Rc2 Rf7 24. b4 Rd7 25. Rdc1 Qd8 26. a4 a6 27. a5 Ba7
28. Bf4 e5 29. Be3 Bxe3 30. Qxe3 e4 31. Bf1 h6 32. Qc5 Qf6 33. Qb6 f4 34. Bxa6
Bxa6 35. Qxa6 e3 36. Qc4+ Kh8 37. fxe3 fxe3 38. Rf1 Qe7 39. Re2 Rd2 40. Rfe1
Rxe2 41. Qxe2 Qxb4 42. a6 Qa5 43. Kg2 c5 44. Rc1 Qd2 45. Rc2 Qxc2 46. Qxc2 e2
47. a7 e1=Q 48. Qxc5 Qe4+ 49. Kh3 Qb7 50. Qh5 Ra8 0-1

[Event "PRO League Group Stage"]
[Site "chess.com INT"]
[Date "2018.01.31"]
[Round "3"]
[White "Thorhallsson, Throstur"]
[Black "Borisek, Jure"]
[Result "1/2-1/2"]
[WhiteTitle "GM"]
[BlackTitle "GM"]
[WhiteElo "2418"]
[BlackElo "2576"]
[WhiteTeam "Reykjavik Puffins"]
[BlackTeam "Ljubljana Turtles"]
[WhiteFideId "2300109"]
[BlackFideId "14603152"]
[EventDate "2018.01.18"]

1. e4 e5 2. Nf3 Nc6 3. Bc4 Bc5 4. c3 Nf6 5. d3 d6 6. Nbd2 O-O 7. O-O a6 8. h3
Ba7 9. Bb3 Be6 10. Re1 Re8 11. Nf1 h6 12. Be3 d5 13. Bxa7 Rxa7 14. exd5 Bxd5 15.
Bxd5 Nxd5 16. Ng3 Ra8 17. d4 exd4 18. Rxe8+ Qxe8 19. Nxd4 Nf4 20. Qf3 Ne6 21.
Ndf5 Rd8 22. Re1 Qf8 23. Qg4 Kh8 24. h4 Ne7 25. h5 Nxf5 26. Nxf5 Rd2 27. Re2
Rxe2 28. Qxe2 Qc5 29. Ng3 Qd5 30. Qe4 Qd1+ 31. Kh2 c6 32. f4 Qg4 33. f5 Nf4 34.
Qf3 Qh4+ 35. Kg1 f6 36. b3 Kh7 37. c4 a5 38. a3 b5 39. a4 bxa4 40. bxa4 c5 41.
Kf1 Kh8 42. Kg1 Kh7 43. Kf1 Kh8 44. Kg1 Kh7 1/2-1/2

[Event "PRO League Group Stage"]
[Site "chess.com INT"]
[Date "2018.01.31"]
[Round "3"]
[White "Thorhallsson, Throstur"]
[Black "Pavasovic, Dusko"]
[Result "1/2-1/2"]
[WhiteTitle "GM"]
[BlackTitle "GM"]
[WhiteElo "2418"]
[BlackElo "2540"]
[WhiteTeam "Reykjavik Puffins"]
[BlackTeam "Ljubljana Turtles"]
[WhiteFideId "2300109"]
[BlackFideId "14600986"]
[EventDate "2018.01.18"]

1. e4 e5 2. Nf3 Nc6 3. Bc4 Bc5 4. c3 Nf6 5. d3 a6 6. Bb3 Ba7 7. O-O d6 8. h3 O-O
9. Bg5 Ne7 10. Bxf6 gxf6 11. Nh4 Ng6 12. Nf5 Kh8 13. g3 Be6 14. Kh2 Qd7 15. Qh5
d5 16. Nd2 Bxf5 17. exf5 Ne7 18. g4 Qd6 19. Kh1 c6 20. Rae1 Rad8 21. Qh4 Rg8 22.
f4 exf4 23. d4 f3 24. Nxf3 Bb8 25. Re2 Rg7 26. Bc2 Ng8 27. a3 Rd7 28. b4 Re7 29.
Rxe7 Nxe7 30. Qf2 Qf4 31. Nh2 Qh6 32. Re1 Qxh3 33. Rxe7 Bxh2 34. Re8+ Rg8 35.
Rxg8+ Kxg8 36. Qxh2 Qf1+ 37. Qg1 Qh3+ 38. Qh2 Qf1+ 39. Qg1 Qh3+ 40. Qh2 1/2-1/2

[Event "PRO League Group Stage"]
[Site "chess.com INT"]
[Date "2018.01.31"]
[Round "3"]
[White "Cornette, Matthieu"]
[Black "Rendle, Thomas E"]
[Result "1/2-1/2"]
[WhiteTitle "GM"]
[BlackTitle "IM"]
[WhiteElo "2611"]
[BlackElo "2362"]
[WhiteTeam "Cannes Blockbusters"]
[BlackTeam "London Towers"]
[WhiteFideId "620084"]
[BlackFideId "408760"]
[EventDate "2018.01.18"]

1. e4 c5 2. Nc3 Nc6 3. Nf3 e5 4. Bc4 Be7 5. O-O Nf6 6. Ng5 O-O 7. d3 d6 8. f4
Na5 9. f5 a6 10. a4 Nxc4 11. dxc4 Bd7 12. Qd3 h6 13. Nf3 Bc6 14. Bd2 Rb8 15. b3
b6 16. Rfd1 Qc7 17. Be1 Qb7 18. Nd5 Nxd5 19. cxd5 Bd7 20. Bh4 f6 21. Bf2 Rfc8
22. Rdb1 b5 23. axb5 axb5 24. b4 c4 25. Qe3 Ra8 26. Qb6 Qxb6 27. Bxb6 Ra4 28.
Kf1 Rca8 29. Rxa4 Rxa4 30. Ke2 Kf7 31. Kd2 Ke8 32. Bc7 Bc8 33. Ng1 Kd7 34. Bb6
Bd8 35. Bxd8 Kxd8 36. Ne2 Bd7 37. Nc3 Ra3 38. Rf1 Ke7 39. Rf3 Ra1 40. Nd1 Rb1
41. Rg3 Kf8 42. Ra3 Rxb4 43. Nc3 Kf7 44. Kc1 Kf8 45. Ra8+ Kf7 46. Ra7 Ke8 47. g4
Ke7 48. h4 Ke8 49. h5 Ke7 50. Na2 Ra4 51. Rxa4 bxa4 52. Kb2 Kd8 53. Kc3 Kc7 54.
Kb4 Kb6 55. c3 a3 56. Kxa3 Kc5 57. Nb4 Kb5 58. Nc2 Kc5 59. Ne3 Kb5 60. Ng2 Be8
61. Nh4 Ka5 62. Kb2 Kb5 63. Nf3 Kc5 64. Ka3 Kb5 65. Nd2 Kc5 1/2-1/2